• 首页
  • 本馆介绍
  • 公告通知
  • 最新文献
  • 馆藏检索
  • 电子资源
  • 读者导购
  • 参考咨询
  • 我的图书馆
  • 登录
  • 详细信息显示
  • 放入我的书架
  • 预约/预借图书
  • 作者相关作品
  • 分类相关作品
  • 丛书相关作品
  • 出版社相关作品

书目信息

  • 表格格式
  • 工作单格式
  • 卡片格式
题名:
中学数学解题方法
    
 
作者: 丁家泰 , 郁华 , 谭光宙 编
分册:  
出版信息: 北京   北京师范大学出版社  1986.10
页数: 108页
开本: 19cm
丛书名:
单 册:
中图分类: G633.63
科图分类:
主题词: 教育--各级
电子资源:
ISBN: 7-303-00379-7
000 00718nam0 2200217 45
001 0309290905
005 20061104095321.70
010    @a7-303-00379-7@dCNY1.20
100    @a20030929d1986 km y0chiy0120 ea
101 0  @achi
200 1  @a中学数学解题方法@AZhong Xue Shu Xue Jie Ti Fang Fa@e平面几何部分@EPingMian Ji He Bu Fen@f谭光宙,丁家泰,郁华编@FTan Guang Zhou,Ding Jia Tai,Yu Hua Bian
210    @a北京@c北京师范大学出版社@d1986.10
215    @a108页@d19cm
517    @a平面几何部分@APing Mian Ji He Bu Fen
606 0  @a教育@x各级
690    @aG633.63@v3
701  0 @a丁家泰@4编
701  0 @a郁华@4编
701  0 @a谭光宙@4编
801    @aCN@bTSTC@c20061104
905    @dG633.63@e118:2@f4@b233950-953@f2@b233947-948
    
    中学数学解题方法:平面几何部分/谭光宙,丁家泰,郁华编.-北京:北京师范大学出版社,1986.10
    108页;19cm
    
    
    ISBN 7-303-00379-7:CNY1.20
    
●
相关链接 在E读中查询图书 在五车中查询图书 在当当中查询图书 在豆瓣中查询图书


正题名:中学数学解题方法     索取号:G633.63/118:2         预约/预借

序号 登录号 条形码 馆藏地/架位号 状态 备注
1 0233947   000246139   密集书库/ [索取号:G633.63/118:2] 在馆    
2 0233948   000246157   密集书库/ [索取号:G633.63/118:2] 在馆    
3 0233949   001711026   密集书库/ [索取号:G633.63/118:2] 在馆    
4 0233950   000246166   密集书库/ [索取号:G633.63/118:2] 在馆    
5 0233951   000242632   密集书库/ [索取号:G633.63/118:2] 在馆    
6 0233952   000246148   密集书库/ [索取号:G633.63/118:2] 在馆    
7 0233953   000246095   密集书库/ [索取号:G633.63/118:2] 在馆    
8 0233954   001711008   密集书库/ [索取号:G633.63/118:2] 在馆    
9 0233955   001710991   密集书库/ [索取号:G633.63/118:2] 在馆    
10 0233956   202438148   第一样本阅览室/ [索取号:G633.63/118:2] 在馆    
唐山师范学院图书馆 欢迎您!
大连网信软件有限公司© 版权所有